Viagens à Capitania do Espírito Santo: (Registro n. 673)

Detalhes MARC
000 -LÍDER
campo de controle de tamanho fixo 01069nam a22002537a 4500
003 - IDENTIFICADOR DO NÚMERO DE CONTROLE
campo de controle BR-ViAPE
005 - DATA E HORÁRIO DA ÚLTIMA TRANSAÇÃO
campo de controle 20260514125817.0
008 - CAMPO DE DADOS FIXOS--INFORMAÇÃO GERAL
campo de controle de tamanho fixo 260514s2018 porabcogs|||| 001 0 por d
020 ## - ISBN - INTERNATIONAL STANDARD BOOK NUMBER
Informação qualificadora 978-85-98928-26-5
040 ## - FONTE DA CATALOGAÇÃO
Instituição que transcreveu o registro BR-ViAPE
100 ## - ENTRADA PRINCIPAL--NOME PESSOAL
Nome pessoal Nascimento, Bruno César
245 ## - TÍTULO
Título Viagens à Capitania do Espírito Santo:
Restante do título 200 anos das expedições científicas de Maximiliano de Wied-Neuwied e Auguste Saint-Hilaire
250 ## - EDIÇÃO
Edição 2.ed.
Complemento da informação de edição revisada e ampliada
260 ## - PUBLICAÇÃO, DISTRIBUIÇÃO, ETC.
Local de publicação, distribuição, etc. Vitória
Nome do editor, distribuidor, etc. Arquivo Público do Estado do Espírito Santo
Data da publicação, distribuição, etc. 2018
300 ## - DESCRIÇÃO FÍSICA
Extensão 166 p.
Outros detalhes físicos il.
Dimensões 21cm
300 ## - DESCRIÇÃO FÍSICA
Outros detalhes físicos Livro disponível em PDF
490 ## - TÍTULO DA SÉRIE
Título da série Coleção Canaã
Número do volume ou designação sequencial da série v. 27
500 ## - NOTA GERAL
Nota geral Obra disponibilizada em PDF por integrar a Coleção Canaã do APEES.
650 ## - ASSUNTO--TERMO TÓPICO
Cabeçalho tópico ou nome geográfico História
Subdivisão geral Historiografia
Subdivisão geográfica Espírito Santo (Brasil)
651 ## - ASSUNTO—LOCAIS GEOGRÁFICOS E HISTÓRICOS
Nome geográfico Espírito Santo (Brasil)
710 ## - ENTRADA ADICIONADA - NOME DA EMPRESA
Nome corporativo ou nome da jurisdição Arquivo Público do Estado do Espírito Santo
856 ## - LOCALIZAÇÃO ELETRÔNICA E ACESSO
Uniform Resource Identifier <a href="https://ape.es.gov.br/Media/ape/PDF/Viagens_%C3%A0_Capitania_do_Esp%C3%ADrito_Santo.pdf">https://ape.es.gov.br/Media/ape/PDF/Viagens_%C3%A0_Capitania_do_Esp%C3%ADrito_Santo.pdf</a>
Texto de ligação CLIQUE AQUI PARA ACESSAR O DOCUMENTO
942 ## - ELEMENTOS DE ENTRADA ADICIONADOS (KOHA)
Fonte da classificação ou esquema de arquivamento na estante Dewey Decimal Classification
Tipo de material Koha Livros
Ocultar no OPAC Yes
Exemplares
Status de descarte Fonte da classificação ou esquema de arquivamento na estante Status físico Não pode ser emprestado Biblioteca de origem Biblioteca atual Data de aquisição Total de empréstimos Data de último acesso Preço efetivo de Tipo de material Koha
  Dewey Decimal Classification     Biblioteca do Arquivo Público do Estado do Espírito Santo Biblioteca do Arquivo Público do Estado do Espírito Santo 05/14/2026   05/14/2026 05/14/2026 Livros